000 00588cam a2200193 4500500
005 20260329003355.0
041 _afre
042 _adc
100 1 0 _aFereday, Jack
_eauthor
245 0 0 _aLes (vraies) raisons de l’euroscepticisme britannique
260 _c2015.
500 _a2
690 _aAngleterre
690 _aphilo
690 _aphilosophie
690 _aUnion Européenne
786 0 _nPhilosophie magazine | 91 | 8 | 2015-07-01 | p. 6-6 | 1951-1787
856 4 1 _uhttps://shs.cairn.info/magazine-philosophie-magazine-2015-8-page-6?lang=fr&redirect-ssocas=7080
999 _c1824027
_d1824027